Premiers ministres du Québec - Statistiques

Statistiques générales
  • Ce quiz a été pris 5 554 fois
    73 depuis la dernière actualisation
  • Le résultat moyen est 22 sur 38
Statistiques - réponses
Hint Réponse % Correct
2018 - 2026 François Legault
96%
1976 - 1985 René Lévesque
91%
2026 - ajd Christine Fréchette
87%
1944 - 1959 Maurice Duplessis
84%
1936 - 1939 Maurice Duplessis
84%
2012 - 2014 Pauline Marois
82%
2014 - 2018 Philippe Couillard
82%
1985 - 1994 Robert Bourassa
80%
1970 - 1976 Robert Bourassa
80%
1994 - 1996 Jacques Parizeau
78%
2003 - 2012 Jean Charest
78%
1960 - 1966 Jean Lesage
73%
1966 - 1968 Daniel Johnson
71%
1994 Daniel Johnson fils
71%
1985 Pierre Marc Johnson
71%
1939 - 1944 Adélard Godbout
67%
1936 Adélard Godbout
67%
1996 - 2001 Lucien Bouchard
67%
2001 - 2003 Bernard Landry
60%
1959 - 1960 Paul Sauvé
53%
1867 - 1873 Pierre-Joseph-Olivier Chauveau
49%
1960 Antonio Barrette
47%
1887 - 1891 Honoré Mercier
42%
1920 - 1936 Louis-Alexandre Taschereau
42%
1891 - 1892 Charles-Eugène Boucher de Boucherville
40%
1874 - 1878 Charles-Eugène Boucher de Boucherville
40%
1968-1970 Jean-Jacques Bertrand
38%
1905 - 1920 Lomer Gouin
38%
1878 - 1879 Henri-Gustave Joly de Lotbinière
36%
1884 - 1887 John Jones Ross
33%
1896 - 1897 Edmund James Flynn
31%
1873 - 1874 Gédéon Ouimet
31%
1892 - 1896 Louis-Olivier Taillon
31%
1887 Louis-Olivier Taillon
31%
1879 - 1882 Joseph-Adolphe Chapleau
29%
1900 - 1905 Simon-Napoléon Parent
29%
1882 - 1884 Joseph-Alfred Mousseau
27%
1897 - 1900 Félix-Gabriel Marchand
16%
Aucun quiz correspondant
Distribution des résultats
% des personnes avec chaque résultat
Percentile par nombre de réponses
Votre historique - résultats
Vous n’avez pas pris ce quiz depuis la dernière actualisation